Presidents : (Record no. 7998)

MARC details
000 -LEADER
fixed length control field 01027nam a22002657a 4500
001 - CONTROL NUMBER
control field 7998
003 - CONTROL NUMBER IDENTIFIER
control field FISKH
005 - DATE AND TIME OF LATEST TRANSACTION
control field 20250818124108.0
008 - FIXED-LENGTH DATA ELEMENTS--GENERAL INFORMATION
fixed length control field 250818b cb ||||| |||| 00| 0 eng d
020 ## - INTERNATIONAL STANDARD BOOK NUMBER
International Standard Book Number 9780756683528
040 ## - CATALOGING SOURCE
Original cataloging agency FISKH
Language of cataloging eng
Transcribing agency FISKH
Modifying agency FISKH
050 ## - LIBRARY OF CONGRESS CALL NUMBER
Classification number E176 .B218
082 ## - DEWEY DECIMAL CLASSIFICATION NUMBER
Classification number 973.099
100 ## - MAIN ENTRY--PERSONAL NAME
Personal name Barber, James G.
245 ## - TITLE STATEMENT
Title Presidents :
Remainder of title Discover the presidents who shaped American history, from the founding father to today's leaders /
Statement of responsibility, etc. Written by James G.Barber
250 ## - EDITION STATEMENT
Edition statement This paperback edition published in 2011
260 ## - PUBLICATION, DISTRIBUTION, ETC.
Place of publication, distribution, etc. London :
Name of publisher, distributor, etc. Smithsonian Institution ,
Date of publication, distribution, etc. 2000.
300 ## - PHYSICAL DESCRIPTION
Extent 72 pages :
Other physical details color illustrations , maps ;
Dimensions 28 cm .
490 ## - SERIES STATEMENT
Series statement DK Eyewitness Guides
520 ## - SUMMARY, ETC.
Summary, etc. Offers information about America's most influential political office and details on the men who have filled it.
650 ## - SUBJECT ADDED ENTRY--TOPICAL TERM
Topical term or geographic name entry element Presidents-United States-History
Form subdivision Juvenile Literature
650 ## - SUBJECT ADDED ENTRY--TOPICAL TERM
Topical term or geographic name entry element Presidents-United States-Biography
Form subdivision Juvenile Literature
942 ## - ADDED ENTRY ELEMENTS (KOHA)
Source of classification or shelving scheme Dewey Decimal Classification
Koha item type Books
Suppress in OPAC No
Holdings
Withdrawn status Lost status Source of classification or shelving scheme Damaged status Not for loan Home library Current library Shelving location Date acquired Total Checkouts Full call number Barcode Date last seen Price effective from Koha item type
    Library of Congress Classification     Footprints International School Library Network Toul Tom Poung Campus Footprints International School Library Network Toul Tom Poung Campus TTP Secondary Non-Fiction Bookshelves 08/18/2025   BAR 973.099 E176 .B218 FISSE00653 08/18/2025 08/18/2025 Books